Normal view
MARC view
- Asfand Kamran Noman Bashir Ruqaiya Attaullah Usama Safdar
Entry Personal Name
001 - CONTROL NUMBER
- control field: 86424
003 - CONTROL NUMBER IDENTIFIER
- control field: NUST
005 - DATE AND TIME OF LATEST TRANSACTION
- control field: 20211210151844.0
008 - FIXED-LENGTH DATA ELEMENTS
- fixed length control field: 211210|| aca||aabn | a|a d
040 ## - CATALOGING SOURCE
- Original cataloging agency: NUST
- Transcribing agency: NUST
100 ## - HEADING--PERSONAL NAME
- Personal name: Asfand Kamran Noman Bashir Ruqaiya Attaullah Usama Safdar
670 ## - SOURCE DATA FOUND
- Source citation: Work cat.: (NUST): Asfand Kamran Noman Bashir Ruqaiya Attaullah Usama Safdar , PR-SOF-1979-Formal Verification and Simulation of Obstacle Avoidance on Nao Robot, 2020.
